00610nam a2200205Ia 4500003000400000005001700004008004100021020001800062040000700080041000800087082001500095100002900110245003200139260004200171300000900213650002000222942001300242999001900255952013000274OSt20250927112728.0250729s2006 xx 000 0 und d a9788183420235 cAL aeng a500.7 MALM aMalhotra Vinayak9222824 aMethods of teaching science aNew DelhibCrescent Publicationc2006 a290p aScience9222825 2ddccBED c235627d235627 00104070aALbALd2025-07-29eSita Book Houseg180.00l0o500.7 MALMpBED00946r2025-07-29 16:54:09v180.00w2025-07-29yBK